[Event "Mechanics' SummerTNM; 30/90, SD/30"]
[Site "San Francisco"]
[Date "2014.06.24"]
[Round "5.13"]
[White "Steger, Eric"]
[Black "Rosenstein, Perry"]
[Result "1-0"]
[WhiteElo "1904"]
[BlackElo "1725"]
[Annotator "Winslow,Elliott C"]
[PlyCount "85"]
[EventDate "2014.??.??"]

1. e4 c5 2. Nf3 d6 3. d4 cxd4 4. Qxd4 Nc6 5. Bb5 Bd7 6. Bxc6 Bxc6 7. c4 Nf6 8.
Nc3 e6 9. O-O Be7 10. Rd1 O-O 11. b3 a6 12. Bb2 Qc7 13. h3 Rfd8 14. Rac1 Rac8
15. Qe3 h6 16. Nd4 Rd7 {Retreating the bishop hangs onto the 2 Bs (not that
they're buzzing here), as well as avoiding any Nd5 stuff.} 17. Rd3 Nh5 {
Sure there's a threat, but it just ends up losing even more time.} (17... Qb8 {
and/ or}) (17... Rdd8) 18. Qf3 Nf6 {Diagram [#]} 19. Nd5 {always in the air}
Qd8 20. Nxe7+ Qxe7 21. Nxc6 Rxc6 22. Rcd1 e5 {Not as bad as it might be -
fixing the e-pawn and thinking counterplay with ...b5} 23. Ba3 b6 {half a b5}
24. g3 {It's surprisingly hard to make headway} Qe6 25. Kg2 Nh7 {
Diagram [#] Taking the pressure off e4} 26. Qf5 $1 Qxf5 $2 {
Losing d6 straight off} (26... Qe7 27. f4 $1 g6 28. Qg4 Nf6 29. Qf3 b5 (29...
exf4 {would have been nice except for} 30. e5 $1 {x c6!}) 30. c5 $1 {
Black must grovel:} Qe8 (30... dxc5 31. fxe5 $1 Rxd3 32. exf6 $1) 31. Rxd6
Rdxd6 32. Rxd6 (32. cxd6 Rc2+) 32... Rxd6 33. cxd6 Qc6 (33... exf4 34. gxf4)
34. fxe5 Nd7 35. Bb2 Qc2+ 36. Qf2 Qxe4+ 37. Kh2 Nxe5 38. Bxe5 Qxe5 39. Qd2 Qf6
40. d7 Qd8 41. Qd6) 27. exf5 Nf6 28. Rxd6 Rcxd6 29. Rxd6 Rxd6 30. Bxd6 e4 31.
g4 Nd7 32. Kg3 g6 33. fxg6 fxg6 34. Kf4 Nf6 35. Be7 Kf7 36. Bxf6 Kxf6 37. h4 (
37. Kxe4 Kg5 38. f4+) 37... Ke6 38. Kxe4 Kd6 39. b4 a5 40. a3 a4 41. f4 Ke6 42.
c5 bxc5 43. bxc5 1-0

[Event "Mechanics' Whitehead TNM; 30/90, SD/30"]
[Site "San Francisco"]
[Date "2014.08.19"]
[Round "3.11"]
[White "Steger, Eric"]
[Black "Ross, David Yaguda"]
[Result "1-0"]
[WhiteElo "1931"]
[BlackElo "1348"]
[PlyCount "73"]
[EventDate "2014.??.??"]

1. e4 d6 2. d4 Nf6 3. Nc3 g6 4. f3 c6 5. Be3 Bg7 6. Qd2 O-O 7. Bh6 b5 8. g4 b4
9. Nce2 e5 10. Bxg7 Kxg7 11. O-O-O Qa5 12. Kb1 Be6 13. b3 Na6 14. Ng3 Nc7 15.
h4 exd4 16. g5 Nd7 17. Qxd4+ Qe5 18. Qxd6 Qxd6 19. Rxd6 c5 20. Bh3 Bxh3 21.
Nxh3 Nb6 22. Ne2 Ne6 23. Nhf4 Rae8 24. Nxe6+ Rxe6 25. Rxe6 fxe6 26. f4 e5 27.
Rf1 exf4 28. Rxf4 Re8 29. c4 bxc3 30. Nxc3 c4 31. b4 Nc8 32. Nd5 Nd6 33. Nf6
Re5 34. a4 a6 35. Kc2 h6 36. gxh6+ Kxh6 37. Ng4+ 1-0

[Event "Mechanics' SummerTNM; 30/90, SD/30"]
[Site "San Francisco"]
[Date "2014.06.17"]
[Round "4.4"]
[White "Steger, Eric"]
[Black "Vickers, Keith"]
[Result "0-1"]
[WhiteElo "1904"]
[BlackElo "2200"]
[PlyCount "97"]
[EventDate "2014.??.??"]

1. e4 d5 2. exd5 Qxd5 3. Nc3 Qa5 4. d4 Nf6 5. Bd2 c6 6. Bc4 e6 7. Nf3 Nbd7 8.
O-O Qc7 9. Re1 Nb6 10. Bd3 Be7 11. Qe2 Nbd5 12. Ne4 Nf4 13. Bxf4 Qxf4 14. c3
Nxe4 15. Bxe4 O-O 16. Ne5 Bd6 17. g3 Qf6 18. b4 Rd8 19. Rad1 Bd7 20. Nc4 Bc7
21. f4 g6 22. Ne5 Rac8 23. Qf3 Be8 24. Bc2 Bd6 25. h4 b6 26. h5 c5 27. hxg6
hxg6 28. bxc5 bxc5 29. Be4 cxd4 30. cxd4 Bb4 31. Re3 Ba4 32. Rb1 Rxd4 33. a3
Bc5 34. Kg2 Rd2+ 35. Re2 Qd8 36. Rxd2 Qxd2+ 37. Kh3 Qe3 38. Qxe3 Bxe3 39. Rb7
Be8 40. Rb3 Bb6 41. Rd3 Kg7 42. Bb7 Rc7 43. Ba6 f6 44. Nc4 Bc6 45. Nd2 Bd5 46.
a4 Rc2 47. Bb5 Ba5 48. Nf3 Bb6 49. g4 0-1

[Event "Mechanics' Whitehead TNM; 30/90, SD/30"]
[Site "San Francisco"]
[Date "2014.09.09"]
[Round "6.13"]
[White "Steger, Eric"]
[Black "Wang, Yuan"]
[Result "1-0"]
[WhiteElo "1931"]
[BlackElo "1850"]
[PlyCount "109"]
[EventDate "2014.??.??"]

1. e4 c5 2. Nf3 d6 3. d4 cxd4 4. Qxd4 Bd7 5. Nc3 Nc6 6. Qd2 Nf6 7. Bc4 a6 8.
O-O e6 9. a3 Be7 10. Qe2 O-O 11. Rd1 Qc7 12. Bf4 Rac8 13. Ba2 b5 14. Rd2 Na5
15. Rad1 e5 16. Bg5 Be6 17. Bxf6 gxf6 18. Nd5 Bxd5 19. Bxd5 Nc4 20. Bxc4 Qxc4
21. Nh4 Qxe2 22. Rxe2 Rfd8 23. Nf5 Kf8 24. Rd3 Rc4 25. Rh3 d5 26. Rxh7 Ke8 27.
Rh8+ Bf8 28. exd5 Rxd5 29. g3 Rd8 30. f3 b4 31. axb4 Rxb4 32. b3 Rbb8 33. h4
Kd7 34. Kf1 Ke6 35. g4 Bb4 36. Rxd8 Rxd8 37. h5 Bd2 38. h6 Bf4 39. c4 Rb8 40.
Ra2 Rxb3 41. Rxa6+ Kd7 42. Ra7+ Kc6 43. Rxf7 Rxf3+ 44. Kg2 Ra3 45. Rxf6+ Kc5
46. h7 Ra8 47. Rf7 Bg5 48. Rg7 Rh8 49. Rxg5 Rxh7 50. Rg7 Rh8 51. Rc7+ Kb6 52.
Re7 Rc8 53. Rxe5 Rxc4 54. Kf3 Kc6 55. g5 1-0

[Event "Mechanics' Whitehead TNM; 30/90, SD/30"]
[Site "San Francisco"]
[Date "2014.09.02"]
[Round "5.16"]
[White "Thornally, Frank"]
[Black "Allen, Tom"]
[Result "1-0"]
[WhiteElo "2200"]
[BlackElo "1440"]
[PlyCount "37"]
[EventDate "2014.??.??"]

1. e4 e5 2. Nf3 Nc6 3. Bb5 f5 4. d3 Nf6 5. Nc3 Bc5 6. Bg5 O-O 7. exf5 d6 8. Ne4
Bxf5 9. Nxc5 dxc5 10. Bxc6 bxc6 11. Nd2 Qd4 12. Bxf6 Rxf6 13. O-O Raf8 14. Qe2
Qxb2 15. Nc4 Bxd3 16. Qxd3 Qd4 17. Qxd4 cxd4 18. Nxe5 c5 19. Nd7 1-0

[Event "Mechanics' Winter TNM; 30/90, SD/30"]
[Site "San Francisco"]
[Date "2014.02.04"]
[Round "5.9"]
[White "Thornally, Frank"]
[Black "Bacheitz, Martin"]
[Result "1-0"]
[WhiteElo "2200"]
[BlackElo "1717"]
[PlyCount "79"]
[EventDate "2014.??.??"]

1. e4 e6 2. d4 d5 3. Nd2 a6 4. Bd3 c5 5. Ngf3 Nf6 6. e5 Nfd7 7. c3 Nc6 8. O-O
g5 9. Kh1 h5 10. dxc5 g4 11. Nd4 Ncxe5 12. Bc2 Nxc5 13. Qe2 Bd6 14. b4 Ncd7 15.
f4 Nc6 16. N2b3 Nxd4 17. Nxd4 Qe7 18. Bb2 Rh6 19. Rae1 Nf8 20. Qd2 Rf6 21. Nf5
Qc7 22. c4 Rxf5 23. Bxf5 Qxc4 24. a3 Kd8 25. Rc1 Qb5 26. Bd3 Qd7 27. Bf6+ Be7
28. Qc3 Bxf6 29. Qxf6+ Qe7 30. Qd4 Qd6 31. Qh8 a5 32. Qxh5 f5 33. Qh4+ Qe7 34.
Qxe7+ Kxe7 35. Rc7+ Kd8 36. Rfc1 axb4 37. axb4 Nd7 38. Bb5 Nb6 39. Rg7 Bd7 40.
Bxd7 1-0

[Event "Mechanics' Winter TNM; 30/90, SD/30"]
[Site "San Francisco"]
[Date "2014.01.21"]
[Round "3.14"]
[White "Thornally, Frank"]
[Black "Bertot, German"]
[Result "1-0"]
[WhiteElo "2200"]
[BlackElo "1631"]
[PlyCount "63"]
[EventDate "2014.??.??"]

1. e4 e5 2. Nf3 Nc6 3. Bb5 a6 4. Ba4 Nf6 5. O-O b5 6. Bb3 Be7 7. Re1 O-O 8. h3
d6 9. c3 Be6 10. d4 Bxb3 11. Qxb3 exd4 12. cxd4 Qd7 13. Nbd2 Rae8 14. Nf1 h6
15. Ng3 Nh7 16. Be3 Bf6 17. Rac1 Rc8 18. Qc3 Nd8 19. e5 dxe5 20. dxe5 Be7 21.
Rcd1 Qc6 22. Rxd8 Qxc3 23. Rxf8+ Kxf8 24. bxc3 c5 25. Rd1 Ke8 26. Ne4 Rc7 27.
Nd6+ Kf8 28. Rd5 c4 29. Nd4 Ng5 30. N4f5 Ne6 31. f4 f6 32. Nxe7 1-0

[Event "Mechanics' Spring TNM; 30/90, SD/30"]
[Site "San Francisco"]
[Date "2014.04.29"]
[Round "7.16"]
[White "Thornally, Frank"]
[Black "Casares, Nick"]
[Result "1-0"]
[WhiteElo "2200"]
[BlackElo "1608"]
[PlyCount "55"]
[EventDate "2014.??.??"]

1. d4 d5 2. Bf4 Bf5 3. e3 Nf6 4. c4 dxc4 5. Bxc4 e6 6. Qb3 Qc8 7. Nf3 Bd6 8.
Ne5 O-O 9. Nd2 Nh5 10. g4 Bxg4 11. Nxg4 Nxf4 12. exf4 Bxf4 13. Nf3 Nd7 14. Qc2
c6 15. Qe4 Qc7 16. Nfe5 Bxe5 17. dxe5 Rae8 18. Rg1 f5 19. exf6 Nxf6 20. Nxf6+
Rxf6 21. Rg3 Ref8 22. O-O-O Rf4 23. Qxe6+ Kh8 24. Kb1 Rxf2 25. Qe3 Qa5 26. Qe7
Qf5+ 27. Ka1 Qc2 28. Qxg7# 1-0

[Event "Mechanics' Fall TNM; 30/90, SD/30"]
[Site "San Francisco"]
[Date "2014.10.21"]
[Round "1.4"]
[White "Thornally, Frank"]
[Black "Donnelly, Patrick Thomas"]
[Result "1-0"]
[WhiteElo "2200"]
[BlackElo "1659"]
[PlyCount "73"]
[EventDate "2014.??.??"]

1. d4 Nf6 2. Bg5 Ne4 3. Bf4 e6 4. f3 Bd6 5. Bxd6 Nxd6 6. e4 b6 7. Bd3 Bb7 8.
Ne2 Nc6 9. O-O Qe7 10. c3 g5 11. e5 Nf5 12. Bxf5 exf5 13. Ng3 O-O-O 14. Nxf5
Qe6 15. Qc2 Ne7 16. Nxe7+ Qxe7 17. Nd2 h5 18. Qf5 g4 19. Ne4 gxf3 20. Rxf3 Rdg8
21. Rf4 Rh6 22. Re1 Rhg6 23. Re2 h4 24. Rff2 Bd5 25. Nf6 Bxa2 26. Nxg8 Rxg8 27.
Qf6 Qf8 28. Qxh4 Rh8 29. Qe4 Kb8 30. d5 Qh6 31. h3 Rg8 32. Rxf7 c6 33. Qf4 Qh5
34. e6+ Ka8 35. Rf8+ Kb7 36. Rxg8 Qxe2 37. Rb8+ 1-0

[Event "Mechanics' SummerTNM; 30/90, SD/30"]
[Site "San Francisco"]
[Date "2014.06.17"]
[Round "4.5"]
[White "Thornally, Frank"]
[Black "Fomin, Gennadiy"]
[Result "1-0"]
[WhiteElo "2200"]
[BlackElo "2089"]
[PlyCount "79"]
[EventDate "2014.??.??"]

1. d4 Nf6 2. Bg5 d5 3. e3 c6 4. Bd3 Bg4 5. Ne2 Nbd7 6. f3 Bh5 7. Nf4 Bg6 8.
Nxg6 hxg6 9. f4 Ne4 10. Bxe4 dxe4 11. Qg4 Nf6 12. Bxf6 exf6 13. Nd2 f5 14. Qe2
g5 15. fxg5 Qxg5 16. Nc4 Qh4+ 17. g3 Qxg3+ 18. hxg3 Rxh1+ 19. Kd2 Rxa1 20. Qf2
g6 21. g4 O-O-O 22. gxf5 Rh1 23. fxg6 fxg6 24. Qg2 Rh7 25. Qxg6 Re7 26. Nd6+
Kb8 27. Nxe4 Bh6 28. Qxh6 Rxe4 29. c4 Rde8 30. b4 Kc7 31. Kd3 R8e7 32. a4 b6
33. b5 cxb5 34. axb5 R4e6 35. Qf4+ Kd7 36. e4 Re8 37. d5 R6e7 38. Kd4 Kd8 39.
Qb8+ Kd7 40. Qxa7+ 1-0

[Event "Mechanics' Spring TNM; 30/90, SD/30"]
[Site "San Francisco"]
[Date "2014.04.15"]
[Round "5.3"]
[White "Thornally, Frank"]
[Black "Gaffagan, Steven"]
[Result "0-1"]
[WhiteElo "2200"]
[BlackElo "2089"]
[Annotator "Donaldson"]
[PlyCount "72"]
[EventDate "2014.??.??"]

1. d4 Nf6 2. Bg5 e6 3. Nd2 d5 4. e3 Be7 5. Bd3 c5 6. c3 Nc6 7. Ngf3 (7. f4 Qb6
8. Qc1 Ng4 $1) 7... a6 $6 8. a4 (8. Ne5 $1) 8... b6 9. O-O Bb7 10. Qe2 O-O 11.
h3 (11. Ne5) 11... h6 12. Bf4 c4 13. Bc2 b5 14. b4 cxb3 15. Nxb3 b4 16. cxb4
Nxb4 17. a5 Bc6 18. Rfc1 Bb5 19. Qd2 Ne4 20. Bxe4 dxe4 21. Bc7 $2 (21. Ne5 $11)
21... Qd5 22. Nc5 exf3 23. Qxb4 fxg2 $19 24. Qb3 Qh5 25. Kxg2 Bc6+ 26. e4 Bxc5
27. Rxc5 Bxe4+ 28. f3 Bd5 29. Qe3 Ra7 30. Qf4 Rb7 31. Bb6 f5 32. Ra3 g5 33. Qg3
f4 34. Qg4 Qg6 35. h4 Rg7 36. hxg5 Qb1 0-1

[Event "Mechanics' Whitehead TNM; 30/90, SD/30"]
[Site "San Francisco"]
[Date "2014.09.16"]
[Round "7.5"]
[White "Thornally, Frank"]
[Black "Jaffray, John"]
[Result "1-0"]
[WhiteElo "2200"]
[BlackElo "1997"]
[Annotator "Donaldson"]
[PlyCount "79"]
[EventDate "2014.??.??"]

1. d4 Nf6 2. Bg5 c5 3. Nc3 cxd4 4. Qxd4 Nc6 5. Qh4 e6 6. e4 Be7 7. O-O-O h6 8.
Nf3 O-O 9. Bd2 d6 10. Qg3 e5 11. h4 Nd4 12. Be3 Nxf3 13. gxf3 Nh5 14. Qg2 Kh7
15. Bc4 g6 16. Rhg1 Bxh4 {Diagram #} 17. Bxf7 $1 Bg5 18. Bc4 Nf4 19. Qh2 Be6
20. Bxe6 (20. Rxg5 Bxc4 21. Rg4 {was a strong alternative.}) 20... Nxe6 21. Qh3
$6 (21. Rg3) 21... Nf4 (21... Bxe3+ 22. fxe3 Ng5) 22. Qg4 Rc8 23. Rd2 a6 24.
Rgd1 Rc6 25. Kb1 b5 26. Bxf4 Rxf4 $11 27. Qe6 $2 Rf6 28. Qd5 Qc7 29. Rd3 Rc5 $2
(29... b4 30. Na4 Rxc2 $19) 30. Qb3 Qf7 31. Qxf7+ Rxf7 32. Rxd6 Rxf3 33. Rd7+
Kg8 34. R1d6 Rxf2 35. Rxg6+ Kf8 36. a3 Ke8 37. Ra7 Rf1+ 38. Ka2 Rf2 39. Rg8+
Rf8 40. Ra8+ 1-0

[Event "Mechanics' SummerTNM; 30/90, SD/30"]
[Site "San Francisco"]
[Date "2014.07.15"]
[Round "8.4"]
[White "Thornally, Frank"]
[Black "Krasnov, Steven"]
[Result "1/2-1/2"]
[WhiteElo "2200"]
[BlackElo "2007"]
[PlyCount "31"]
[EventDate "2014.??.??"]

1. d4 Nf6 2. Bg5 g6 3. Bxf6 exf6 4. e3 Bg7 5. g3 d5 6. Bg2 O-O 7. Ne2 c6 8. O-O
Na6 9. Nd2 Bf5 10. a4 Re8 11. Re1 Nb4 12. Rc1 Na2 13. Ra1 Nb4 14. Rc1 Na2 15.
Ra1 Nb4 16. Rc1 1/2-1/2

[Event "Mechanics' Spring TNM; 30/90, SD/30"]
[Site "San Francisco"]
[Date "2014.03.25"]
[Round "2.5"]
[White "Thornally, Frank"]
[Black "Lardent, Ranen"]
[Result "1-0"]
[WhiteElo "2200"]
[BlackElo "1798"]
[PlyCount "47"]
[EventDate "2014.??.??"]

1. d4 f5 2. Bg5 d5 3. Nf3 c6 4. c3 Nd7 5. e3 Ngf6 6. Bd3 e6 7. Nbd2 Bd6 8. Bf4
Bxf4 9. exf4 O-O 10. O-O Nh5 11. g3 Qf6 12. Re1 Qh6 13. Ng5 Ndf6 14. f3 Qg6 15.
Kf2 h6 16. Nxe6 Bxe6 17. Rxe6 Ne4+ 18. fxe4 Qxe6 19. Qxh5 fxe4 20. Re1 g5 21.
Rxe4 Qf6 22. Re5 Rad8 23. Nf3 c5 24. Rxg5+ 1-0

[Event "Mechanics' Spring TNM; 30/90, SD/30"]
[Site "San Francisco"]
[Date "2014.04.08"]
[Round "4.3"]
[White "Thornally, Frank"]
[Black "Lee, Andy"]
[Result "0-1"]
[WhiteElo "2200"]
[BlackElo "2320"]
[PlyCount "76"]
[EventDate "2014.??.??"]

1. d4 d5 2. Nf3 Nc6 3. Bf4 Bg4 4. Nbd2 e6 5. c3 Bd6 6. Bg3 Nge7 7. Qb3 Rb8 8.
e3 O-O 9. Bd3 Bf5 10. e4 dxe4 11. Bxe4 Bxg3 12. hxg3 Bxe4 13. Nxe4 Qd5 14. Qxd5
exd5 15. Nc5 Nf5 16. O-O-O Rfd8 17. Rhe1 b6 18. Nd3 f6 19. Re6 Rd6 20. Rde1 Kf7
21. R6e2 g5 22. g4 Ng7 23. Nd2 Re6 24. Nf1 Rxe2 25. Rxe2 h5 26. gxh5 Nxh5 27.
g4 Nf4 28. Nxf4 gxf4 29. f3 Rh8 30. Rh2 Rxh2 31. Nxh2 Nd8 32. b4 Nb7 33. Nf1
Kg6 34. Kd1 a5 35. bxa5 Nxa5 36. Nd2 Kg5 37. Ke2 Kh4 38. Kf2 Kh3 0-1

[Event "Mechanics' Winter TNM; 30/90, SD/30"]
[Site "San Francisco"]
[Date "2014.02.25"]
[Round "8.6"]
[White "Thornally, Frank"]
[Black "Sherwood, Peter"]
[Result "1-0"]
[WhiteElo "2200"]
[BlackElo "1808"]
[PlyCount "63"]
[EventDate "2014.??.??"]

1. d4 d5 2. Bg5 Nf6 3. Nc3 Ne4 4. Nxe4 dxe4 5. Qd2 Nd7 6. Qf4 f6 7. Bh4 g5 8.
Qxe4 gxh4 9. Qxh4 Bg7 10. e3 Nf8 11. Bc4 Be6 12. Qh5+ Kd7 13. d5 Bg8 14. Qg4+
Ke8 15. Qxg7 Ng6 16. Bd3 Qxd5 17. Bxg6+ hxg6 18. Qxh8 Kd7 19. Qh3+ Be6 20. Qf3
Qa5+ 21. c3 Qb6 22. Ne2 Rh8 23. O-O Ke8 24. Nf4 Bf7 25. Qe4 Rh6 26. Rfd1 g5 27.
Nd5 Qd6 28. g3 c6 29. Nf4 Qb8 30. Ne6 Bxe6 31. Qxe6 Rh8 32. Rd7 1-0

[Event "Mechanics' Winter TNM; 30/90, SD/30"]
[Site "San Francisco"]
[Date "2014.01.07"]
[Round "1.3"]
[White "Thornally, Frank"]
[Black "Starr, Albert"]
[Result "1-0"]
[WhiteElo "2200"]
[BlackElo "1570"]
[PlyCount "95"]
[EventDate "2014.??.??"]

1. d4 f5 2. Bg5 g6 3. Nc3 d5 4. e3 Bg7 5. Nf3 Nf6 6. Ne5 Nbd7 7. Be2 Nxe5 8.
dxe5 Ne4 9. Nxe4 fxe4 10. Bf4 O-O 11. Qd4 e6 12. f3 exf3 13. Bxf3 c6 14. O-O-O
Qc7 15. Rd3 c5 16. Rc3 cxd4 17. Rxc7 dxe3 18. Bg3 Rb8 19. Re1 Rf7 20. Rc3 b5
21. Bg4 a5 {Diagram #} 22. Rxc8+ $1 Rxc8 23. Bxe6 Re8 24. Bxd5 Bxe5 25. Bxf7+
Kxf7 26. Bxe5 Rxe5 27. c3 Kf6 28. Kc2 Kf5 29. Kd3 Kf4 30. Rf1+ Kg4 31. Ke2 Rc5
32. Kxe3 b4 33. cxb4 axb4 34. Rf4+ Kg5 35. Rxb4 Rc2 36. Kf3 Rd2 37. a4 Rd3+ 38.
Ke2 Rd7 39. Rb5+ Kf6 40. a5 Ra7 41. b4 Ke6 42. Ke3 Kd6 43. Kd4 Kc6 44. Rb6+ Kc7
45. Kc5 Ra8 46. a6 Rc8 47. Rb7+ Kd8+ 48. Kb6 1-0

[Event "Mechanics' SummerTNM; 30/90, SD/30"]
[Site "San Francisco"]
[Date "2014.07.01"]
[Round "6.6"]
[White "Thornally, Frank"]
[Black "Steger, Eric"]
[Result "1/2-1/2"]
[WhiteElo "2200"]
[BlackElo "1904"]
[Annotator "Donaldson"]
[PlyCount "73"]
[EventDate "2014.??.??"]

1. d4 Nf6 2. Bg5 g6 3. Bxf6 exf6 4. e3 Bg7 5. g3 f5 6. Bg2 d5 7. Ne2 c6 8. O-O
O-O 9. c4 dxc4 10. Na3 Be6 11. Nf4 Bd5 12. Nxd5 cxd5 13. Qf3 Nc6 14. Qxd5 Rc8
15. Rfc1 Qe7 16. Rxc4 Rfd8 17. Qb5 a6 18. Qb6 Qd7 19. Rac1 Bf8 20. Nb1 Nb4 21.
Qxb7 $5 (21. Rc7 $1) 21... Rxc4 22. Rxc4 Qxb7 23. Bxb7 Rb8 24. Rc7 Nxa2 25. Nc3
Nb4 26. b3 Kg7 $18 27. Nd5 $4 {Diagram #} Rxb7 28. Rxb7 Nxd5 29. Ra7 Nb4 30.
Kf1 Kf6 31. Ke2 Ke6 32. Kd2 Bd6 33. Kc3 Nd5+ 34. Kc4 Nc7 35. Rb7 h5 36. Rb6 a5
37. Rb7 1/2-1/2

[Event "Mechanics' Whitehead TNM; 30/90, SD/30"]
[Site "San Francisco"]
[Date "2014.08.05"]
[Round "1.4"]
[White "Thornally, Frank"]
[Black "Vazquez, Erasmo"]
[Result "1/2-1/2"]
[WhiteElo "2200"]
[BlackElo "1633"]
[PlyCount "43"]
[EventDate "2014.??.??"]

1. d4 d5 2. Bf4 Nf6 3. e3 e6 4. Nf3 c5 5. c3 Nc6 6. Nbd2 Bd6 7. Ne5 O-O 8. Ndf3
Nh5 9. Bg5 f6 10. Bh4 g6 11. Bd3 cxd4 12. exd4 Nf4 13. Bf1 g5 14. Nxc6 bxc6 15.
Bg3 Qb6 16. Qb3 Rb8 17. Qxb6 Rxb6 18. O-O-O Bd7 19. Kc2 Bb8 20. Ne1 e5 21. f3
Bf5+ 22. Kc1 1/2-1/2

[Event "Mechanics' Fall TNM; 30/90, SD/30"]
[Site "San Francisco"]
[Date "2014.11.04"]
[Round "3.14"]
[White "Thornally, Frank"]
[Black "Vazquez, Erasmo"]
[Result "1-0"]
[WhiteElo "2200"]
[BlackElo "1619"]
[PlyCount "33"]
[EventDate "2014.??.??"]

1. e4 c6 2. d4 d5 3. Nd2 dxe4 4. Nxe4 Nd7 5. Ng5 Ngf6 6. Bd3 e6 7. N1f3 h6 8.
Nxe6 Qe7 9. O-O fxe6 10. Bg6+ Kd8 11. c4 Nb6 12. Ne5 Rg8 13. Bf4 Bd7 14. Nf7+
Kc8 15. Nd6+ Qxd6 16. Bxd6 Bxd6 17. c5 1-0

[Event "Mechanics' Whitehead TNM; 30/90, SD/30"]
[Site "San Francisco"]
[Date "2014.08.19"]
[Round "3.15"]
[White "Thornally, Frank"]
[Black "Yamamoto, Craig"]
[Result "1-0"]
[WhiteElo "2200"]
[BlackElo "1593"]
[PlyCount "57"]
[EventDate "2014.??.??"]

1. d4 Nf6 2. Bg5 e6 3. Nd2 h6 4. Bh4 Be7 5. e4 O-O 6. Bd3 b6 7. Qe2 Bb7 8.
O-O-O d6 9. f4 Nbd7 10. c3 c5 11. Ngf3 Nh5 12. Bg3 f5 13. exf5 exf5 14. Qe6+
Kh8 15. Bxf5 Rxf5 16. Qxf5 Nhf6 17. Bf2 Nd5 18. h4 Nf8 19. Rde1 Nf6 20. Re2 d5
21. Ne5 Kg8 22. Rhe1 Ne4 23. Nxe4 dxe4 24. Rd1 Bf6 25. dxc5 Qc7 26. c6 Ba6 27.
Rxe4 Bxe5 28. Rxe5 Qxc6 29. Re7 1-0

[Event "Mechanics' SummerTNM; 30/90, SD/30"]
[Site "San Francisco"]
[Date "2014.06.03"]
[Round "2.12"]
[White "Thornally, Frank"]
[Black "Zulkhuu, Jamyandagva"]
[Result "1-0"]
[WhiteElo "2200"]
[BlackElo "842"]
[Annotator "Donaldson"]
[PlyCount "47"]
[EventDate "2014.??.??"]

1. d4 d5 2. Bf4 Bf5 3. e3 Nc6 $6 4. Nf3 Nf6 $2 (4... e6 5. c4 Bb4+ 6. Nc3 Nge7)
5. Bb5 Qd7 (5... Bd7) 6. Ne5 Qe6 7. c4 a6 8. Qa4 Nd7 9. cxd5 Qxd5 10. Bxc6 bxc6
11. O-O Nxe5 12. Bxe5 Be4 (12... Qd7 13. Nd2 c5) 13. Nc3 Bc2 14. Qxc2 Qe6 15.
Na4 Qd7 16. Nc5 Qg4 17. Qa4 Qg6 18. Rac1 f6 19. Qxc6+ Kf7 20. Qd5+ Ke8 21.
Qxa8+ Kf7 22. Qd5+ Ke8 23. Ne6 h6 24. Nxc7# 1-0

[Event "Mechanics' SummerTNM; 30/90, SD/30"]
[Site "San Francisco"]
[Date "2014.06.17"]
[Round "4.10"]
[White "Timur, Mesut"]
[Black "Hua, Arnold"]
[Result "1/2-1/2"]
[WhiteElo "1753"]
[BlackElo "1987"]
[Annotator "Donaldson"]
[PlyCount "51"]
[EventDate "2014.??.??"]

1. d4 d5 2. Bf4 Nf6 3. e3 c5 4. Nc3 e6 5. h3 (5. Nb5 Na6 6. c3 Be7 7. Nf3 O-O
8. Be2 Bd7 9. O-O Nh5) 5... Nc6 $4 (5... cxd4 6. exd4 Bb4) (5... Bd6 6. Bxd6
Qxd6 7. Nb5 Qe7 8. dxc5 Qxc5 9. Qd4 Qe7 10. Nxa7 O-O 11. Nf3 Bd7) 6. Nb5 $1
cxd4 7. exd4 $2 (7. Nc7+ Ke7 8. Nxa8 $18) 7... Bb4+ 8. c3 Ba5 9. Nd6+ Ke7 10.
Nf3 Bc7 11. Nxc8+ Rxc8 12. Bxc7 Qxc7 13. Bd3 Rhd8 14. Qb3 Kf8 15. O-O Kg8 16.
Rfe1 a6 17. a3 Nd7 18. Qc2 h6 19. Qe2 Na5 20. g4 g6 {Diagram #} (20... Nc4 21.
g5 hxg5 22. Nxg5 Nf6) 21. Bxg6 fxg6 22. Qxe6+ Kg7 23. Qe7+ Kg8 24. Qe6+ Kg7 25.
Qe7+ Kg8 26. Qe6+ 1/2-1/2

[Event "Mechanics' SummerTNM; 30/90, SD/30"]
[Site "San Francisco"]
[Date "2014.07.08"]
[Round "7.8"]
[White "Timur, Mesut"]
[Black "Klinetobe, David"]
[Result "0-1"]
[WhiteElo "1753"]
[BlackElo "2017"]
[PlyCount "54"]
[EventDate "2014.??.??"]

1. d4 Nf6 2. Bf4 d5 3. e3 c5 4. c3 Qb6 5. Qb3 c4 6. Qxb6 axb6 7. Na3 Nc6 8. Be2
Bf5 9. Bc7 Ra6 10. Nf3 Kd7 11. Bg3 Ra5 12. Nh4 Bg6 13. Nxg6 hxg6 14. h3 Ne4 15.
Bh2 Nxc3 16. Nxc4 dxc4 17. bxc3 b5 18. O-O e6 19. Rfb1 Bd6 20. Rb2 Rha8 21. Bg4
Ba3 22. Rd2 f5 23. Bf3 b4 24. d5 exd5 25. Bxd5 bxc3 26. Bxc6+ Kxc6 27. Rd6+
Bxd6 0-1

[Event "Mechanics' SummerTNM; 30/90, SD/30"]
[Site "San Francisco"]
[Date "2014.06.10"]
[Round "3.20"]
[White "Timur, Mesut"]
[Black "Oyuntseren, Togtokh"]
[Result "1-0"]
[WhiteElo "1753"]
[BlackElo "1395"]
[PlyCount "29"]
[EventDate "2014.??.??"]

1. d4 d5 2. Bf4 Nc6 3. Nf3 Bf5 4. e3 a6 5. h3 b5 6. c3 f6 7. Bd3 Qd7 8. Qc2
Bxd3 9. Qxd3 O-O-O 10. Nbd2 g5 11. Bh2 Nh6 12. O-O-O Qf5 13. Qxf5+ Nxf5 14. e4
dxe4 15. Nxe4 {Remaining moves unavailable.} 1-0

[Event "Mechanics' Spring TNM; 30/90, SD/30"]
[Site "San Francisco"]
[Date "2014.04.29"]
[Round "7.13"]
[White "Todortsev, Victor"]
[Black "Bayaraa, Chinguun"]
[Result "1-0"]
[WhiteElo "1951"]
[BlackElo "1775"]
[PlyCount "93"]
[EventDate "2014.??.??"]

1. Nf3 d5 2. c4 e6 3. g3 Nf6 4. Bg2 c6 5. b3 Be7 6. Bb2 Nbd7 7. O-O O-O 8. d4
h6 9. Nbd2 a5 10. Qc2 Re8 11. e4 dxe4 12. Nxe4 Nxe4 13. Qxe4 Nf6 14. Qc2 Qc7
15. Rfe1 b6 16. Ne5 Bb7 17. Rad1 Rad8 18. Qe2 Bb4 19. Rf1 Ba8 20. a3 Bf8 21.
Rfe1 c5 22. Bxa8 Rxa8 23. d5 exd5 24. cxd5 Bd6 25. f4 a4 26. bxa4 c4 27. Qf3
Rxa4 28. Nc6 Raa8 29. Bxf6 gxf6 30. Qc3 Kg7 31. Qxc4 Bc5+ 32. Kg2 Rxe1 33. Rxe1
Rxa3 34. Qe4 Ra2+ 35. Re2 Ra1 36. Qf5 Rg1+ 37. Kh3 Rh1 38. Qg4+ Kf8 39. Qh5
Qd7+ 40. f5 Kg8 41. Qf3 Ra1 42. Re4 Ra3 43. Qh5 Kh7 44. Ne7 Bxe7 45. Qxf7+ Kh8
46. Rg4 Rxg3+ 47. hxg3 1-0

[Event "Mechanics' Spring TNM; 30/90, SD/30"]
[Site "San Francisco"]
[Date "2014.04.15"]
[Round "5.8"]
[White "Todortsev, Victor"]
[Black "Flores, David"]
[Result "0-1"]
[WhiteElo "1951"]
[BlackElo "1732"]
[Annotator "Donaldson"]
[PlyCount "73"]
[EventDate "2014.??.??"]

1. d4 Nf6 2. c4 c5 3. e3 g6 4. Nf3 Bg7 5. Nc3 a6 6. d5 d6 7. e4 Nbd7 8. Bd3 O-O
9. O-O Ng4 10. Bf4 Rb8 11. Qc2 Re8 12. Rae1 Nge5 13. Nxe5 Nxe5 14. Be2 Bd7 15.
Bg3 b5 16. cxb5 axb5 17. f4 Ng4 18. Nd1 Qb6 19. h3 Nf6 20. Bf3 b4 21. Kh1 Bb5
22. Be2 Rec8 23. Bc4 Nh5 24. Bh2 Bxc4 25. Qxc4 Qa5 26. e5 Bf8 27. f5 b3 28. a3
Ng7 29. Ne3 (29. fxg6 fxg6 30. Qf4 $18) 29... Qd2 30. fxg6 hxg6 31. Re2 $6 (31.
Qf4 $18) 31... Qd4 32. Rf4 (32. Qc1) 32... Qxe5 33. Nf5 Qxf5 34. Rxf5 Nxf5 $11
35. Rf2 Nd4 36. Bf4 Bg7 37. Bd2 {Black won on time.} 0-1